000 00737nam a2200217 a 4500
001 000047982
005 20241030141145.0
008 181009s2007 dr a r 000 0 spa d
020 _a9789993481386
040 _aDO-SdBNP
_bspa
_cBNPHU
082 _axxxx
_bU26m
100 1 _aUgarte, María
_d1914-2011
_924078
245 1 0 _aMaría Nieves Sicart en la ciudad de Ovando /
_cMaría Ugarte ; investigación Monserrat Prats García.
260 _aSanto Domingo :
_bFundación García Arévalo,
_c2007.
300 _a234 p. :
_bil. ;
_c23 cm.
490 1 _aMonografía
_v31
504 _aBibliografía : p. 231-234
590 _aInventariado, 2018/BT
700 1 _aPrats García, Monserrat,
_einv.
_975497
830 0 _aMonografía
_n31
_975498
999 _c47470
_d47470